书目信息 |
| 题名: |
皖南古村落
|
|
| 作者: | 余治淮 , 余济海 编著 | |
| 分册: | ||
| 出版信息: | 广州 广东旅游出版社 2001.09 |
|
| 页数: | 119页 | |
| 开本: | 21cm | |
| 丛书名: | 世界自然文化遗产之旅丛书 | |
| 单 册: | ||
| 中图分类: | K925.44 | |
| 科图分类: | ||
| 主题词: | ||
| 电子资源: | ||
| ISBN: | 7-80653-213-7 | |
| 000 | 01234nam 2200289 450 | |
| 001 | 012007033293 | |
| 005 | 20070924104426.90 | |
| 010 | @a7-80653-213-7@dCNY21.50 | |
| 100 | @a20070811d2001 km y0chiy0120 ea | |
| 101 | 0 | @achi |
| 102 | @aCN@b110000 | |
| 105 | @aab z 000yy | |
| 200 | 1 | @a皖南古村落@Awan nan gu cun luo@e黟县西递·宏村@d= Ancient villages in southern Anhui@eXidi and Hongcun@f余治淮, 余济海编著@Fyu zhi huai,yu ji hai bian zhu@zeng |
| 210 | @a广州@c广东旅游出版社@d2001.09 | |
| 215 | @a119页@c彩照, 地图@d21cm | |
| 225 | 2 | @a世界自然文化遗产之旅丛书@Ashi jie zi ran wen hua yi chan zhi lu cong shu |
| 330 | @a本书包括:桃花源里人家、东方古建筑的艺术宝库——西递村、中国画里的乡村——宏村、暂未列入“名录”的世界遗产等内容。 | |
| 410 | 0 | @12001 @a世界自然文化遗产之旅丛书 |
| 510 | 1 | @aAncient villages in southern Anhui@eXidi and Hongcun@zeng |
| 517 | 1 | @a黟县西递·宏村@Ayi xian xi di·hong cun |
| 607 | @a宏村 (黟县, 安徽省)@Ahong cun(yi xian,an hui sheng)@j旅游指南 | |
| 607 | @a西递 (黟县, 安徽省)@Axi di(yi xian,an hui sheng)@j旅游指南 | |
| 690 | @aK925.44@v4 | |
| 701 | 0 | @a余治淮@Ayu zhi huai@4编著 |
| 701 | 0 | @a余济海@Ayu ji hai@4编著 |
| 801 | 0 | @aCN@c20070924 |
| 905 | @dK925.44@eY776 | |
| 皖南古村落:黟县西递·宏村= Ancient villages in southern Anhui:Xidi and Hongcun/余治淮, 余济海编著.-广州:广东旅游出版社,2001.09 |
| 119页:彩照, 地图;21cm .-(世界自然文化遗产之旅丛书) |
| ISBN 7-80653-213-7:CNY21.50 |
| 本书包括:桃花源里人家、东方古建筑的艺术宝库——西递村、中国画里的乡村——宏村、暂未列入“名录”的世界遗产等内容。 |
| ● |
| 相关链接 |
|
|
|
正题名:皖南古村落
索取号:K925.44/Y776
 
预约/预借
| 序号 | 登录号 | 条形码 | 馆藏地/架位号 | 状态 | 备注 |
| 1 | 257879 | 202578790 | 社科库309/309社科库 14排3列1层/ [索取号:K925.44/Y776] | 在馆 | |
| 2 | 257880 | 202578807 | 社科库309/309社科库 14排3列1层/ [索取号:K925.44/Y776] | 在馆 | |
| 3 | 257881 | 202578816 | 社科库309/309社科库 14排3列1层/ [索取号:K925.44/Y776] | 在馆 |